000 00605nam a2200169Ia 4500
008 090201s9999 xx 000 0 und d
010 _aKPL-55050
040 _bमराठी
041 _aमराठी
082 _a39561
_b55050
100 _aसौ. विजया जाहगीरदार
245 _aदुबळा खाई गचांडया
_cसौ. विजया जाहगीरदार
260 _c2004
_bशांती पब्लिकेशन्स
300 _a144
_bमोठा
600 _aदुबळा खाई गचांडया
942 _cBOOK
999 _c236876
_d236876